Dante's swift and strong : essays on Inferno XV /

Bibliographic Details
Main Author: Kay, Richard, 1931-
Format: Book
Language:English
Published: Lawrence : Regents Press of Kansas, [1978]
Subjects:

MARC

Tag First Indicator Second Indicator Subfields
LEADER 00000cam a22000008i 4500
001 in00000615621
005 20151015050357.0
008 770415s1978 ksu b 00110 eng
010 |a  77006795  
020 |a 0700601589 
035 |a (OCoLC)02965618 
035 |9 ACS9272AM 
040 |a DLC  |c DLC  |d TXA  |d UtOrBLW 
049 |a TXAM  |c [1539203] 
050 0 0 |a PQ4445 15th  |b .K39 
082 0 |a 851/.1 
100 1 |a Kay, Richard,  |d 1931- 
245 1 0 |a Dante's swift and strong :  |b essays on Inferno XV /  |c by Richard Kay. 
264 1 |a Lawrence :  |b Regents Press of Kansas,  |c [1978] 
264 4 |c ©1978 
300 |a xx, 446 pages ;  |c 27 cm. 
336 |a text  |b txt  |2 rdacontent 
337 |a unmediated  |b n  |2 rdamedia 
338 |a volume  |b nc  |2 rdacarrier 
500 |a Includes index. 
504 |a Bibliography: pages 407-422. 
600 0 0 |a Dante Alighieri,  |d 1265-1321.  |t Divina commedia. Inferno : XV. 
999 |a MARS 
999 f f |s e1b91c83-9b1c-36b2-b0d2-070b25a6972b  |i f7ef19fb-c590-3d8d-bb84-73663d538c8a  |t 0 
952 f f |p normal  |a Texas A&M University  |b College Station  |c Sterling C. Evans Library  |d Evans: Library Stacks  |t 0  |e PQ4445 15th .K39  |h Library of Congress classification  |i unmediated -- volume  |m A14803793065 
998 f f |a PQ4445 15th .K39  |t 0  |l Evans: Library Stacks